El cautiverio feliz en la vida política chilena del siglo XVII
Uloženo v:
| Hlavní autor: | |
|---|---|
| Médium: | Kniha |
| Jazyk: | španělština |
| Vydáno: |
Santiago
Andrés Bello
1965
|
| Témata: | |
| Tagy: |
Přidat tag
Žádné tagy, Buďte první, kdo vytvoří štítek k tomuto záznamu!
|
MARC
| LEADER | 00000nam a2200000 a 4500 | ||
|---|---|---|---|
| 001 | UCX2928 | ||
| 003 | CL-VaPUC | ||
| 008 | 910906e19650000CL |||||||||||||||||spa|d | ||
| 082 | 0 | 4 | |a 983.03 |b COR |2 21 |
| 100 | 0 | |a Correa Bello, Sergio |e author |9 319038 | |
| 245 | 1 | 3 | |a El cautiverio feliz en la vida política chilena del siglo XVII |
| 300 | |a 138 p | ||
| 942 | |c BK | ||
| 945 | |d 19910906 00:00:00 | ||
| 260 | |a Santiago |b Andrés Bello |c 1965 | ||
| 600 | 0 | |a Núñez de Pineda y Bascuñán, Francisco, |d 1607-1682 |9 318978 | |
| 650 | 7 | |a POLITICA Y GOBIERNO SIGLO 17 |2 CL-VaPUC |9 319039 | |
| 651 | 7 | |a CHILE |2 CL-VaPUC |9 319040 | |
| 583 | |a last modification |c 19910906 00:00:00 |k Rodrigo Vera | ||
| 999 | |c 223830 |d 223828 | ||
| 952 | |0 0 |1 0 |4 0 |6 983_030000000000000_COR_1965 |7 0 |8 A |9 220034 |a BIBEDU |b BIBEDU |d 2019-11-15 |i 2887045 |o 983.03 COR 1965 |p 2887045 |r 2019-11-15 |w 2019-11-15 |y BK |k LIT | ||
| 952 | |0 0 |1 0 |4 0 |6 983_030000000000000_COR_1965 |7 0 |8 P |9 220035 |a BIBDER |b BIBDER |d 2019-11-15 |i 3289478 |o 983.03 COR 1965 |p 3289478 |r 2023-01-25 |w 2019-11-15 |y BK |k DER | ||
| 952 | |0 0 |1 0 |4 0 |6 983_030000000000000_COR_1965 |7 0 |8 A |9 220036 |a BIBHIS |b BIBHIS |d 2019-11-15 |i 1254049 |l 1 |o 983.03 COR 1965 |p 1254049 |r 2025-01-20 |s 2023-03-16 |w 2019-11-15 |y BK |k HIS | ||
| 952 | |0 0 |1 0 |4 0 |6 983_030000000000000_COR_1965 |7 0 |8 A |9 220037 |a BIBHIS |b BIBHIS |d 2019-11-15 |i 1254057 |o 983.03 COR 1965 |p 1254057 |r 2025-01-20 |w 2019-11-15 |y BK |k HIS | ||
| 952 | |0 0 |1 0 |4 0 |6 983_030000000000000_COR_1965 |7 0 |8 A |9 220038 |a BIBHIS |b BIBHIS |d 2019-11-15 |i 4449886 |o 983.03 COR 1965 |p 4449886 |r 2025-01-20 |w 2019-11-15 |y BK |k HIS | ||